000 00722nam a22002297a 4500
005 20170124105928.0
010 _aA-791590
020 _c00.00
_a8170247551
035 _aA-791590
037 _bCen Lib/Ret
040 _aDPL
_bEN
082 _a305.6
_bMAT
100 _aMatin, Abdul
_97556
245 _aMuslims in India and abroad :
_c by Abdul Matin
_bCaste and ethnicity /
260 _aNew Delhi
_bAPH Publishing Corporation
_c1996
270 _a5, Ansari Road, Darya Ganj
_bNew Delhi
_e110002
300 _a169p.
_c20cm(Hb)
500 _aIncludes bibliographical references and index
650 _aMuslims - India
_97069
650 _aIslamic sociology
_97557
942 _2ddc
_cEN
_h305.6
_mMAT
999 _c123655
_d123655